000 00279nam a22001097a 4500
041 _aeng
080 _a80
100 _aПочепцов Г.Г.
245 _aВісник Київського лінгв. університету. 2002/1.
650 _aLinguistics
999 _c282421
_d282421
942 _cBK